000 00705nam a2200253Ia 4500
005 20260121114100.0
008 008 260114s9999 xx 000 0 eng d
020 _a9780470977453
037 _aEBOOK
040 _aCRL
040 _beng
040 _cCRL
041 _2eng
041 _aeng
084 _qCRL
100 _aKerr
_9970635
245 0 _aUnderstanding Girls' Problem Behavior - How Girls' Delinquency Develops in the Context of Maturity & Health, Co-occurring Problems, and Relationships
260 _bWiley
260 _c2011
856 _uhttps://onlinelibrary.wiley.com/doi/book/10.1002/9780470977453
942 _cEBOOK
999 _c1549889
_d1549889